[Event "World Cup U14 Prel"]
[Site "Tornelo INT"]
[Date "2021.08.11"]
[Round "10"]
[White "Arutla, Siddharth"]
[Black "Abdulla, Abdul Qader"]
[Result "1-0"]
[WhiteElo "1379"]
[BlackElo "1135"]
[PlyCount "111"]
[EventDate "2021.08.11"]
[EventType "swiss (rapid)"]
[EventRounds "10"]
[EventCountry "NET"]
[SourceTitle "EXT 2025"]
[Source "ChessBase"]
[SourceDate "2024.10.14"]
[SourceVersion "1"]
[SourceVersionDate "2024.10.14"]
[SourceQuality "1"]

1. e4 e5 2. Nf3 Nc6 3. d4 exd4 4. Bc4 Bc5 5. Ng5 d5 6. Bxd5 Be6 7. Bxe6 fxe6 8. Nxe6 Qe7 9. Nxc7+ Qxc7 10. Qh5+ g6 11. Qxc5 0-0-0 12. 0-0 Nge7 13. Na3 a6 14. Nc4 Rhe8 15. g3 h5 16. Nb6+ Kb8 17. Bf4 Qxf4 18. gxf4 Rf8 19. Nd5 Nxd5 20. exd5 Na7 21. Qxd4 Nc6 22. Qe4 Rde8 23. Qxe8+ Rxe8 24. dxc6 bxc6 25. Rfe1 Rf8 26. Re6 Rxf4 27. Rxc6 g5 28. Rxa6 h4 29. Rg6 g4 30. Rg7 h3 31. Re1 Rf8 32. Rxg4 Rc8 33. c3 Rd8 34. Rg3 Rd2 35. Rb1 Rd8 36. Rxh3 Rg8+ 37. Rg3 Re8 38. Kg2 Kc7 39. h4 Rh8 40. Rh3 Rg8+ 41. Kh2 Rh8 42. h5 Kd6 43. h6 Ke6 44. h7 Kf6 45. Rg1 Kf7 46. a4 Kf8 47. a5 Kf7 48. a6 Kf8 49. a7 Kf7 50. Rg8 Rxg8 51. hxg8Q+ Kxg8 52. a8Q+ Kg7 53. Qc6 Kg8 54. Rd3 Kg7 55. Rd7+ Kf8 56. Qc8# 1-0

[Event "World Cup U14 Prel"]
[Site "Tornelo INT"]
[Date "2021.08.11"]
[Round "8"]
[White "Arutla, Siddharth"]
[Black "Fleri, Luke"]
[Result "0-1"]
[WhiteElo "1379"]
[BlackElo "1615"]
[PlyCount "72"]
[EventDate "2021.08.11"]
[EventType "swiss (rapid)"]
[EventRounds "10"]
[EventCountry "NET"]
[SourceTitle "EXT 2025"]
[Source "ChessBase"]
[SourceDate "2024.10.14"]
[SourceVersion "1"]
[SourceVersionDate "2024.10.14"]
[SourceQuality "1"]

1. e4 e5 2. Nf3 Nc6 3. d4 exd4 4. Bc4 Nf6 5. 0-0 d5 6. exd5 Nxd5 7. Nxd4 Nxd4 8. Qxd4 Be6 9. Re1 Be7 10. Qxg7 Bf6 11. Qg3 c6 12. Nd2 Qd7 13. Ne4 Be7 14. Bg5 0-0-0 15. Rad1 Rhg8 16. Qh4 h6 17. Bxe7 Rg4 18. Qh5 Qxe7 19. Bxd5 cxd5 20. Ng3 Qf6 21. Qe5 Qg6 22. Qc3+ Rc4 23. Qe5 Qxc2 24. Rc1 Qxc1 25. Rxc1 Rxc1+ 26. Nf1 d4 27. b3 Re8 28. Qxd4 Rd8 29. Qf4 Rdd1 30. g3 Rxf1+ 31. Kg2 Bd5+ 32. Kh3 Be6+ 33. Kg2 Rg1+ 34. Kf3 Rc3+ 35. Ke2 Rgc1 36. Qxh6 R1c2+ 0-1

[Event "World Cup U14 Prel"]
[Site "Tornelo INT"]
[Date "2021.08.11"]
[Round "5"]
[White "Shamatava, Nikolozi"]
[Black "Arutla, Siddharth"]
[Result "1-0"]
[WhiteElo "1714"]
[BlackElo "1379"]
[PlyCount "87"]
[EventDate "2021.08.11"]
[EventType "swiss (rapid)"]
[EventRounds "10"]
[EventCountry "NET"]
[SourceTitle "EXT 2025"]
[Source "ChessBase"]
[SourceDate "2024.10.14"]
[SourceVersion "1"]
[SourceVersionDate "2024.10.14"]
[SourceQuality "1"]

1. d4 d5 2. Nf3 e6 3. g3 c5 4. Bg2 Nf6 5. 0-0 Nc6 6. b3 Be7 7. Bb2 0-0 8. c4 Qb6 9. cxd5 Nxd5 10. Nc3 Rd8 11. Na4 Qc7 12. Qc1 cxd4 13. Nxd4 Nxd4 14. Bxd4 Qxc1 15. Rfxc1 Bd7 16. Bxd5 Bxa4 17. Bxb7 Rab8 18. Be3 Rxb7 19. bxa4 g6 20. Rab1 Rdb8 21. Rxb7 Rxb7 22. Rc8+ Kg7 23. Ra8 Rb1+ 24. Kg2 Ra1 25. Bd4+ Bf6 26. Bxa1 Bxa1 27. Rxa7 Bd4 28. Ra8 h5 29. h4 Bb6 30. a5 Bc7 31. a6 e5 32. a7 e4 33. Rc8 e3 34. fxe3 g5 35. a8Q g4 36. Rg8+ Kf6 37. Qc6+ Bd6 38. Qxd6+ Kf5 39. e4+ Kxe4 40. Re8+ Kf5 41. Qf4+ Kg6 42. Qg5+ Kh7 43. Rg8 f5 44. Qg6# 1-0